000 00699nam0a22002531 4500
001 rc\138794
005 20030307112340.7
010 _a5-225-01187-X
_925000
035 _a(NLR Aleph) 005410914
090 _a7372952
_c7372952
100 _a20030307d1991 u |0rusy50 ca
101 0 _arus
102 _aRU
105 _aa |||||||||
200 1 _aНеврология лица
210 _aМ.
_cМедицина
_d1991
215 _a284, [1] с.
_cил.
_d22
320 _aБиблиогр.: с. 278-282
700 1 _aКарлов
_bВ. А.
_gВладимир Алексеевич
801 0 _aRU
_bNLR
_gpsbo
801 1 _aRU
_bELAR
_2rusmarc
852 _aNLR
_j91-5/2560
942 _cBOOK
980 _aNB